01252nam a2200277 a 4500001001000000003000900010005001700019007001000036008004100046020001500087040002200102082002700124100002800151245011700179250001200296260004000308300002700348490003900375504002900414505033000443600004900773651004700822651004100869700002500910830003900935000004138DO-SdBNP20171009120906.0000004138090714t2006 dr a 000 0bspa d a9993476544 aBPMSUbspacBPMSU 4a923.27293bR789c, 20061 aCassá, Robertod1948-10aFrancisco del Rosario Sánchez :bfundador de la república /cRoberto Cassá ; ilustraciones Ramiro Manzano. a3a. ed. aSanto Domingo :bTobogán.,c2006. a63 p. :bil. ;c21 cm.1 aBiografías dominicanas Tobogán aBibliografía : (p. 63)0 aSu dimensión en la historia dominicana -- Orígenes familiares -- Infancia y juventud -- Preparación de la independencia -- El manifiesto del 16 de enero -- El 27 de febrero -- Los primeros meses de la República -- Exilio y retorno -- Con Báez -- Contra la anexión -- Expedición e inmolación -- Bibliografía.14aROSARIO SÁNCHEZ, FRANCISCO DEL,d1817-1861 4aREPÚBLIA DOMINICANAxHISTORIAy1844-1864 4aREPÚBLICA DOMINICANAvBIOGRAFÍAS1 aManzano, Ramiroeil. 0aBiografías dominicanas Tobogán